00286nam a22001097a 4500082002100000100001400021245006700035260002900102300001000131650001900141650001600160 aTNC A99 Au62/D26 aDas Manoj aThe hour of god :bSelections from his writings cby Manoj Das aNew DelhibSahityac1995 a334p. aSri Aurobindo  a1872 - 1950